000 00668nam a2200253Ia 4500
003 OSt
005 20221006144929.0
006 a|||||r|||| 00| 0
007 ta
008 221006b |||||||| |||| 00| 0 eng d
020 _a312000000
_c101.00
024 _a13,233
037 _cTextual
040 _aEASL
_cEASL
_beng
041 _2eng
_aeng
082 _aV41,41-1yM93, K7
100 _aBOUC Alain
_9653162
245 0 _aMao Tes-Tune
_b Guide to his thought
260 _aNew York
_bSt. Martin Press
_c1967
300 _a232p.
_ccm.
490 _v CEL
942 _hV41,41-1yM93, K7
_cTEXL
_2CC
999 _c1081319
_d1081319